000 00503nam a2200193Ia 4500
005 20250508150926.0
008 008 250505s9999 xx 000 0 hin d
037 _aTextual
040 _aFEDL
_beng
_cFEDL
041 _ahin
_2eng
084 _a891.431, VER
_qFEDL
100 _aVerma Mahadevi
245 0 _aNihar
260 _aPrayag, India
_bSahitya Bhavan Limited
_c1951
300 _a80p.
546 _aWeeded out
942 _cTEXL
_h891.431, VER
999 _c1326515
_d1326515